| 000 | 00756cam a22002174a 4500 | ||
|---|---|---|---|
| 020 | _a0823414477 | ||
| 020 | _a9780823414475 | ||
| 020 | _a0823417557 (pbk.) | ||
| 020 | _a9780823417551 (pbk.) | ||
| 040 | _cDLC | ||
| 082 | _a940 HOL 2000 A114 Or. | ||
| 100 | 1 | _aLevine, Ellen. | |
| 245 | 1 | 0 |
_aDarkness over Denmark : _bthe Danish resistance and the rescue of the Jews / |
| 260 |
_aNew York : _bHoliday House, _c℗♭2000. |
||
| 300 |
_ax, 164 pages : _billustrations, maps ; _c26 cm |
||
| 520 | _aAn account of people in Denmark who risked their lives to protect and rescue their Jewish neighbors from the Nazis during World War II. | ||
| 650 | 0 | _aJews | |
| 650 | 0 | _aHolocaust, Jewish (1939-1945) | |
| 650 | 0 | _aWorld War, 1939-1945 | |
| 942 | _cEK | ||
| 999 |
_c16739 _d16739 |
||